Obálka
Pro půjčování e-knih musíte být přihlášeni.
Jak si půjčit online?

Kniha pro ženy /

Uloženo v:
Hlavní autor: Studničková Šípková, Olga, 1969- (Autor, Vypravěč-komentátor)
Další autoři: Studnička, Milan, 1977- (Autor), Schwarz, Jiří, 1959- (Vypravěč-komentátor), Jančík, Filip, 1974- (Autor), Vrána, Miloš (Vypravěč-komentátor)
Médium: E-audiokniha
Jazyk:Czech
Vydáno: Praha : Voxi, 2025
Vydání:1. vydání
Témata:
Tagy:
Žádné tagy
LEADER 04686nim a2201129 i 4500
001 313385
003 CZ PrSKC
005 20260601215741.0
007 sd fungnnmmned
008 250211p20252024xr nnnng z n cze
015 |a cnb003672289 
020 |a 9788074483080 :  |c Kč 399,00 
040 |a ABA001  |b cze  |e rda 
072 7 |a 159.92  |x Vývojová psychologie. Individuální psychologie  |2 Konspekt 
080 |a 316.346.2-055.2  |2 MRF 
080 |a 159.923.2  |2 MRF 
080 |a 159.923.5  |2 MRF 
080 |a 005.572  |2 MRF 
080 |a 159.923-025.18  |2 MRF 
080 |a (035)  |2 MRF 
080 |a (086.7)08  |2 MRF 
080 |a (086.76)  |2 MRF 
100 1 |a Studničková Šípková, Olga,  |d 1969-  |7 jn20000402955  |4 aut  |4 nrt 
245 1 0 |a Kniha pro ženy /  |c Olga Studničková Šípková, Milan Studnička 
250 |a 1. vydání 
264 1 |a Praha :  |b Voxi,  |c 2025 
300 |a 1 audiodisk (4 hod., 51 min.) ;  |c 12 cm 
306 |a 045100 
336 |a mluvené slovo  |b spw  |2 rdacontent 
337 |a audio  |b s  |2 rdamedia 
338 |a audiodisk  |b sd  |2 rdacarrier 
344 |a digital  |b optical  |2 rda 
347 |a audio soubor  |b MP3  |2 rda 
500 |a Název z disku 
500 |a Vydalo nakladatelství Voxi ve společnosti Albatros Media a.s. 
500 |a Podle stejnojmenné knihy vydané nakladatelstvím BizBooks v roce 2023 
500 |a Nezkrácená audiokniha ve formátu MP3 
508 |a Režie, Miloš Vrána 
511 0 |a Čtou Olga Studničková Šípková, Jiří Schwarz, Filip Jančík 
518 |o Nahráno  |d 2024  |p studio ArtCrow Production 
650 0 7 |a ženy  |7 ph127967  |2 czenas 
650 0 7 |a sebepoznání  |7 ph116116  |2 czenas 
650 0 7 |a sebepřijímání  |7 ph210489  |2 czenas 
650 0 7 |a rozvoj osobnosti  |7 ph194683  |2 czenas 
650 0 7 |a koučování  |7 ph335997  |2 czenas 
650 0 7 |a spokojenost  |7 ph1102992  |2 czenas 
650 0 9 |a women  |2 eczenas 
650 0 9 |a self-consciousness  |2 eczenas 
650 0 9 |a self-acceptance  |2 eczenas 
650 0 9 |a personality development  |2 eczenas 
650 0 9 |a personal coaching  |2 eczenas 
650 0 9 |a contentment  |2 eczenas 
655 7 |a příručky  |7 fd133209  |2 czenas 
655 7 |a audioknihy  |7 fd119452  |2 czenas 
655 7 |a kompaktní disky  |7 fd201991  |2 czenas 
655 9 |a handbooks and manuals  |2 eczenas 
655 9 |a audiobooks  |2 eczenas 
655 9 |a compact discs  |2 eczenas 
700 1 |a Studnička, Milan,  |d 1977-  |7 mzk2003187266  |4 aut 
700 1 |a Schwarz, Jiří,  |d 1959-  |7 ola2002142356  |4 nrt 
700 1 |a Jančík, Filip,  |d 1974-  |7 xx0154612  |4 nrt 
700 1 |a Vrána, Miloš  |7 xx0209201  |4 drt 
900 |a ABA001  |b 19 
928 9 |a Albatros Media 
044 |a xr 
505 0 0 |t Mile divky, zeny, damy… (3 min., 49 sek.) 
505 0 0 |t Co nas v zivote nejvice ovlivnilo (11 min., 8 sek.) 
505 0 0 |t Vyrovnani se s minulosti znamena odpustit, prijmout (7 min., 10 sek.) 
505 0 0 |t Omluvne dopisy (24 min., 58 sek.) 
505 0 0 |t Vyber partnera casto podporuji vzorce z detstvi (9 min., 2 sek.) 
505 0 0 |t Co mi dal sport (5 min., 22 sek.) 
505 0 0 |t Ztrata rodicu (3 min., 0 sek.) 
505 0 0 |t Ztrata energie (9 min., 17 sek.) 
505 0 0 |t Vyhoreni (8 min., 47 sek.) 
505 0 0 |t Psychiatrie, antidepresiva (8 min., 16 sek.) 
505 0 0 |t Obet (8 min., 37 sek.) 
505 0 0 |t Prokrastinace (3 min., 52 sek.) 
505 0 0 |t Zmena (4 min., 14 sek.) 
505 0 0 |t Proc jsem nastvana a bez energie (7 min., 7 sek.) 
505 0 0 |t Jsem nespokojena, ale nevim, kde zacit (6 min., 59 sek.) 
505 0 0 |t Kolo rovnovahy (27 min., 23 sek.) 
505 0 0 |t Metoda sebekoucinku (23 min., 35 sek.) 
505 0 0 |t Jak se z minulosti a budoucnosti dostat do prítomnosti (8 min., 17 sek.) 
505 0 0 |t Jak zacit pracovat s tim, co me vycerpava (9 min., 59 sek.) 
505 0 0 |t Cas na zmenu (4 min., 56 sek.) 
505 0 0 |t Strach (19 min., 25 sek.) 
505 0 0 |t Jak vnimame svou hodnotu (13 min., 42 sek.) 
505 0 0 |t Tlak na vykon (13 min., 11 sek.) 
505 0 0 |t Laskavost (10 min., 4 sek.) 
505 0 0 |t Umeni nastavit si vlastni hranice (12 min., 46 sek.) 
505 0 0 |t Souzeni a porovnavani (9 min., 20 sek.) 
505 0 0 |t Duvera (10 min., 18 sek.) 
505 0 0 |t Diky, ze jsem dosla az sem… (3 min., 16 sek.) 
505 0 0 |t Milan Studnicka, Olga Studnickova Sipkova (2 min., 34 sek.) 
910 |a RBIT002 
998 |d 416550  |a https://core.palmknihy.cz/api/books/416550/cover?soeufq  |b https://core.palmknihy.cz/api/books/416550/cover/400?soeufq  |c https://core.palmknihy.cz/api/books/416550/cover/50?soeufq  |e 2033-12-31  |i 9788074483080  |l 17460  |q 49  |r 1  |s https://www.palmknihy.cz/kniha/416550  |t audiobook  |y 2024  |z 0 
999 |d 313383